000 01268nam a22003254a 4500
001 ebr10006835
003 CaPaEBR
006 m u
007 cr cn|||||||||
008 010919s2002 enk sb 001 0 eng
010 _z 2001043849
020 _z0521811368 (hbk.)
020 _z0521009839 (pbk.)
040 _aCaPaEBR
_cCaPaEBR
035 _a(OCoLC)56316798
050 1 4 _aPN212
_b.P75 2002eb
082 0 4 _a808
_221
100 1 _aPrickett, Stephen.
245 1 0 _aNarrative, religion, and science
_h[electronic resource] :
_bfundamentalism versus irony, 1700-1999 /
_cStephen Prickett.
260 _aCambridge ;
_aNew York :
_bCambridge University Press,
_c2002.
300 _aviii, 281 p.
504 _aIncludes bibliographical references (p. 264-273) and index.
533 _aElectronic reproduction.
_bPalo Alto, Calif. :
_cebrary,
_d2013.
_nAvailable via World Wide Web.
_nAccess may be limited to ebrary affiliated libraries.
650 0 _aNarration (Rhetoric)
650 0 _aLiterature and science.
650 0 _aReligion and literature.
655 7 _aElectronic books.
_2local
710 2 _aebrary, Inc.
856 4 0 _uhttp://site.ebrary.com/lib/rucke/Doc?id=10006835
_zAn electronic book accessible through the World Wide Web; click to view
999 _c362
_d362